Rozpoznaj grę po recenzji Steam #5 - edycja polska - Statystyki

Ogólne statystyki
  • Ten quiz został rozwiązany 36 razy
  • Średni wynik to 6 z 20
Statystyki odpowiedzi
Recenzja Tytuł gry % Poprawnych
Wstawaj samuraju, mamy PC do spalenia Cyberpunk 2077
93%
Fajnie sie kradnie z pewnoscią przyda mi się to do życia Thief Simulator
53%
>jestes na mount everescie >skaczesz na smieci >nie umierasz bo skoczyles na smieci lol >11/10 Dying Light
50%
wojna jest, a chłop płacze bo dziadzia okradł beka z typa. trzeba robić bimber i sprzedawać w opór This War of Mine
47%
piździ jak w kieleckim Frostpunk
40%
Dla Temerii zrobię wszystko, nawet się sk*rwię. GWENT: The Witcher Card Game
40%
3000 DUKATOW ALBO SPADAJ Kao the Kangaroo
40%
Tak dobra gra, aż wyłączyłem i poszedłem grać w Dark Souls II. Jedyny plus tej gry to taki że masz chęć zagrać w naprawdę dobre soulsy. Lords of the Fallen
37%
Gra która powinna być o strzelaniu na dzikim zachodzie, a w której nie robię nic innego niż walka na pięści z przeciwnikami o hitboxach na 3 pixele lub skakanie i gonienie po drabinkach i wąwozach z czasowym ogranicznikiem bo gra oczywiście zakłada że od razu znasz scenariusz który twórcy założyli. NIEPOLECAM Call of Juarez
33%
Szczypta Stalker, dwa gramy Fallout 4, delikatnie dosypujemy This War of Mine i mieszamy z Metro 2033. [...] Najlepiej podawać z zimną wódką. Danie godne każdego smakosza post apokalipsy. Chernobylite
27%
Niech mnie bober świśnie Timberborn
27%
zajebsta gierka poki nie dotrwasz do ostatnich leveli do tych malych skurwysnskich pajakow z bombami co sie ich zabic nie da i odrazu wybuchaja. Dubbing chujwy. Samo zakonczenie giga nudne i chjowe. Gra trwa 6 godzin, nie warte swojej ceny. Przed zakupem warto poczekac do promocji bo to chyj 120 ziko za 6 godzin gry Ghostrunner
20%
Red Creek Valley posiada nieziemski klimat i ciekawą fabułe. Gra nie narzuca nam kolejności wykonywania zadań, co jest dużym plusem gry. Pochwalić można też oprawe audiowizualną i optymalizacje. Minusem gry jest krótka fabuła i brak samodzielnego zapisu gry. The Vanishing of Ethan Carter
20%
Zarąbisty symulator kobiety Cooking Simulator
17%
Jak lubisz wstrzykiwać sobie grzyby dożylnie i szamać drewno, to cieplutko polecam Darkwood
17%
JAREEEEEEEEK OWICZ !!!!!!!!!!!!!!!!!! Gorky 17
17%
10/10, City Builder połączony z rogalikiem. Jeśli szukałeś jakiejś Strategii Ekonomicznej - Bierz w ciemno i się nie zastanawiaj. [...] Against the Storm
10%
Jeśli jesteś tym cichym dzieciakiem z ławki to ta gra ci się spodoba. Hatred
10%
Najlepszy symulator otwierania drzwi w jaki kiedykolwiek grałem. Layers of Fear
10%
Dobra gra o zabijaniu komunistów. SUPERHOT
10%
Nie znaleziono quizów pasujących do podanych kryteriów
Rozkład punktacji
Procent ludzi z każdym wynikiem
Percentyl według liczby udzielonych odpowiedzi
Twoja historia wyników
Nie rozwiązałeś tego quizu